Türkisch für Anfänger Charaktere - Statistiken

Allgemein
  • Dieses Quiz wurde 590 mal gespielt
    587 seit der letzten Aktualisierung
  • Das Durchschnittsergebnis liegt bei 13 aus 25
Antwortstatistiken
Antwort % Korrekt
Cem Öztürk
99%
Lena Schneider
99%
Doris Schneider
94%
Yagmur Öztürk
94%
Costa Papavassilou
91%
Metin Öztürk
89%
Axel Mende
85%
Nils Schneider
80%
Diana Schneider
77%
Ulla Jamuschke
70%
Hans-Hermann Schneider
67%
Katharina Kuhn
65%
Ching
63%
Mark Schönfelder
61%
Markus Lemke
52%
Jette Zink
32%
Malte
22%
Ümet Öztürk
14%
Murat
13%
Gülcan Süleman/Nutte/Hochzeitsplanerin
10%
Susanne/Altenpflegerin
9%
Frau Sismanoglu/Frau Fettsack
8%
Ulf Steinkempf
8%
Esther Rosenstein
7%
Vladi/Betrüger
4%
Keine übereinstimmenden Quizze gefunden
Verteilung der Resultate
Anzahl Personen mit jedem Resultat
Perzentil nach korrekt beantworteten Fragen
Ihre Resultats-Entwicklung
Sie haben dieses Quiz seit der letzten Aktualisierung nicht gespielt